Miejscowości w PCD - Statystyki

Ogólne statystyki
  • Ten quiz został rozwiązany 312 razy
  • Średni wynik to 14 z 17
Statystyki odpowiedzi
Ludność
Miejscowości
Podpowiedź Odpowiedź % Poprawnych
13 081 Miasto Darłowo
99%
12 028 Miasto Sławno
99%
528 Duża wieś przy DW205 Stary Jarosław
91%
396 Skrzyżowanie DK6 i DK37 Karwice
90%
264 Jest tutaj "Bar pod Dzikiem" Bobrowice
88%
614 Największa wieś w grze Malechowo
86%
429 W pobliżu dużego miasta, przyDK6 Bobrowiczki
85%
158 Jest tu Ulenberg Malechówko
83%
245 Wieś przy DK37 Rusko
82%
135 Przejazd kolejowy Sęczkowo
82%
Ludność nieznana Mała osada leśna przy DW205,rondo Grzybno
80%
371 Wieś przy DW205 Krupy
80%
443 Obok lasu przy DK37 Słowino
80%
480 Obok lasu przy DK37 Domasławice
77%
368 Wieś na uboczumapy Smardzewo
76%
Ludność nieznana Mała osada leśna przy DW205 Pątnowo
73%
12 Mała osada związana nazwą z dużym miastem Darłowiec
71%
Nie znaleziono quizów pasujących do podanych kryteriów
Rozkład punktacji
Procent ludzi z każdym wynikiem
Percentyl według liczby udzielonych odpowiedzi
Twoja historia wyników
Nie rozwiązałeś tego quizu